Biggest sources of immigrants to South Dakota - Statistics

General Stats
  • This quiz has been taken 20 times
  • The average score is 8 of 10
Answer Stats
Hint Answer % Correct
3,495 Mexico
100%
1,273 Canada
84%
431 China
84%
773 Germany
84%
1,312 Philippines
84%
2,060 India
79%
769 United Kingdom
74%
1,586 Vietnam
74%
653 Cuba
63%
1,735 El Salvador
63%
No matching quizzes found
Score Distribution
Percent of People with Each Score
Percentile by Number Answered
Your Score History
You have not taken this quiz